| 000 | 00404cam a2200169ua 4500 | ||
|---|---|---|---|
| 020 | _cRs. 18.75 | ||
| 041 |
_aeng _h |
||
| 082 |
_a891.2 _bKRI/NE |
||
| 100 | _aKrishna, Chaithanya . | ||
| 245 | _aNew history of sanskrit literature | ||
| 260 |
_aMumbai : _bAsia Publishing House , _c1962. |
||
| 300 | _a490 ; . | ||
| 365 | _aRs. 18.75 | ||
| 504 | _a | ||
| 942 | _cBK | ||
| 999 |
_c3377 _d3377 |
||